| 000 -LEADER |
| fixed length control field |
00974nam a2200253Ia 4500 |
| 001 - CONTROL NUMBER |
| control field |
21326 |
| 003 - CONTROL NUMBER IDENTIFIER |
| control field |
GE_BSU |
| 005 - DATE AND TIME OF LATEST TRANSACTION |
| control field |
20210911182717.0 |
| 008 - FIXED-LENGTH DATA ELEMENTS--GENERAL INFORMATION |
| fixed length control field |
181216s2017||||ru |||||||||||||| ||rus|| |
| 020 ## - INTERNATIONAL STANDARD BOOK NUMBER |
| International Standard Book Number |
9785756708721 |
| 040 ## - CATALOGING SOURCE |
| Transcribing agency |
GE_BSU |
| 041 ## - LANGUAGE CODE |
| Language code of text/sound track or separate title |
rus |
| 080 ## - UNIVERSAL DECIMAL CLASSIFICATION NUMBER |
| Universal Decimal Classification number |
327 Д-46 |
| 245 ## - TITLE STATEMENT |
| Title |
Дипломатическая служба зарубежных стран / |
| Statement of responsibility, etc. |
Под ред. А.В. Торкунова и А.Н. Панова. |
| 264 ## - PRODUCTION, PUBLICATION, DISTRIBUTION, MANUFACTURE, AND COPYRIGHT NOTICE |
| Place of production, publication, distribution, manufacture |
Москва : |
| Name of producer, publisher, distributor, manufacturer |
Аспект-Пресс, |
| Date of production, publication, distribution, manufacture, or copyright notice |
2017. |
| 300 ## - PHYSICAL DESCRIPTION |
| Extent |
397 стр. ; |
| Dimensions |
21 см. |
| 500 ## - GENERAL NOTE |
| General note |
Именой указатель стр. 396-398 |
| 653 ## - INDEX TERM--UNCONTROLLED |
| keyword |
Дипломатическая служба зарубежных стран |
| 653 ## - INDEX TERM--UNCONTROLLED |
| keyword |
Междунар. отношения |
| 653 ## - INDEX TERM--UNCONTROLLED |
| keyword |
საერთაშორისო ურთიერთობები |
| 710 ## - ADDED ENTRY--CORPORATE NAME |
| Corporate name or jurisdiction name as entry element |
Московский гос. ин-т междунар. отнош. |
| 9 (RLIN) |
12464 |
| 942 ## - ADDED ENTRY ELEMENTS (KOHA) |
| Koha item type |
წიგნი |
| Source of classification or shelving scheme |
|